Understanding and using linear programming (Record no. 11754)

000 -LEADER
fixed length control field 01027cam a22002894a 4500
001 - CONTROL NUMBER
control field 14471585
005 - DATE AND TIME OF LATEST TRANSACTION
control field 20170105102347.0
008 - FIXED-LENGTH DATA ELEMENTS--GENERAL INFORMATION
fixed length control field 060728s2007 gw a 001 0 eng
010 ## - LIBRARY OF CONGRESS CONTROL NUMBER
LC control number 2006931795
Canceled/invalid LC control number 2008459633
020 ## - INTERNATIONAL STANDARD BOOK NUMBER
International Standard Book Number 9783540306979 (acidfree paper)
020 ## - INTERNATIONAL STANDARD BOOK NUMBER
International Standard Book Number 3540307176 (acidfree paper)
040 ## - CATALOGING SOURCE
Original cataloging agency DLC
Transcribing agency DLC
Modifying agency DLC
050 00 - LIBRARY OF CONGRESS CALL NUMBER
Classification number T57.74
Item number .M374 2007
082 00 - DEWEY DECIMAL CLASSIFICATION NUMBER
Classification number 519.72
Edition number 22
100 1# - MAIN ENTRY--PERSONAL NAME
Personal name Matoušek, Jiří,
Dates associated with a name 1963-
245 10 - TITLE STATEMENT
Title Understanding and using linear programming
Statement of responsibility, etc. Jiri Matousek, Bernd Gartner.
260 ## - PUBLICATION, DISTRIBUTION, ETC.
Place of publication, distribution, etc. Berlin ;
-- New York :
Name of publisher, distributor, etc. Springer,
Date of publication, distribution, etc. c2007.
300 ## - PHYSICAL DESCRIPTION
Extent viii, 222 p. :
Other physical details ill. ;
Dimensions 24 cm.
490 0# - SERIES STATEMENT
Series statement Universitext
500 ## - GENERAL NOTE
General note Includes index.
650 #0 - SUBJECT ADDED ENTRY--TOPICAL TERM
Topical term or geographic name entry element Linear programming.
700 1# - ADDED ENTRY--PERSONAL NAME
Personal name Gärtner, Bernd.
856 41 - ELECTRONIC LOCATION AND ACCESS
Materials specified Table of contents only
Uniform Resource Identifier <a href="http://www.loc.gov/catdir/toc/fy1002/2006931795.html">http://www.loc.gov/catdir/toc/fy1002/2006931795.html</a>
906 ## - LOCAL DATA ELEMENT F, LDF (RLIN)
a 7
b cbc
c orignew
d 2
e epcn
f 20
g y-gencatlg
942 ## - ADDED ENTRY ELEMENTS (KOHA)
Source of classification or shelving scheme
Koha item type Book
Holdings
Withdrawn status Lost status Damaged status Not for loan Collection code Permanent Location Current Location Shelving location Date acquired Source of acquisition Cost, normal purchase price Total Checkouts Full call number Barcode Date last seen Price effective from Koha item type
          Central Library (CL) Central Library (CL) General Stacks 04/09/2013 Progressive International Agencies 4188.33   519.72 MAT SEECS012250 01/11/2019 04/16/2013 Book
© 2023 Central Library, National University of Sciences and Technology. All Rights Reserved.